Statistics for US States by Containing Letters in 15 Seconds

Click here to take the quiz!

General Stats

  • This quiz has been taken 500 times
  • The average score is 16 of 25

Answer Stats

Letter % Correct
A
99%
I | O
97%
N | R
96%
E | L
90%
S
87%
W
83%
H
74%
K
70%
M
68%
C
67%
T
66%
G
63%
F
58%
D | Y
57%
U
45%
X
38%
V
35%
B
30%
P
22%
Z
15%
J
11%

Score Distribution

Percentile by Number Answered

Percent of People with Each Score

Your Score History

You have not taken this quiz